2011/2012 Estimates of Recurrent Expenditure of the Government of Kenya for the Year Ending 30th June 2012 (Record no. 1048)
[ view plain ]
| 000 -LEADER | |
|---|---|
| fixed length control field | 00381nam a22001097a 4500 |
| 008 - FIXED-LENGTH DATA ELEMENTS--GENERAL INFORMATION | |
| fixed length control field | 230612b xxu||||| |||| 00| 0 eng d |
| 082 ## - DEWEY DECIMAL CLASSIFICATION NUMBER | |
| Classification number | 354.676 |
| Item number | GOK |
| 245 ## - TITLE STATEMENT | |
| Title | 2011/2012 Estimates of Recurrent Expenditure of the Government of Kenya for the Year Ending 30th June 2012 |
| Statement of responsibility, etc. | Government of Kenya |
| 260 ## - PUBLICATION, DISTRIBUTION, ETC. (IMPRINT) | |
| Place of publication, distribution, etc. | Nairobi |
| Name of publisher, distributor, etc. | Government of Kenya |
| Date of publication, distribution, etc. | June 2011 |
| 300 ## - PHYSICAL DESCRIPTION | |
| Extent | 652 p |
| 942 ## - ADDED ENTRY ELEMENTS (KOHA) | |
| Source of classification or shelving scheme | Dewey Decimal Classification |
| Koha item type | Books |
| Withdrawn status | Lost status | Source of classification or shelving scheme | Damaged status | Not for loan | Home library | Current library | Date acquired | Total Checkouts | Full call number | Barcode | Date last seen | Copy number | Price effective from | Koha item type |
|---|---|---|---|---|---|---|---|---|---|---|---|---|---|---|
| Dewey Decimal Classification | Bunge Tower Library | Bunge Tower Library | 06/12/2023 | 354.676 GOK | 1000736 | 06/12/2023 | Vol I Votes R1-R17 | 06/12/2023 | Books |
